Music Quiz

Random Music or Singers Quiz

Tracks on the Back: '90s Rock Albums Quiz Stats

 Plays Quiz Updated Jun 18, 2017

Support Sporcle.
Go Orange.
Score 0/20 Timer 05:00
7 Plays Today
Hint Answer % Correct
Nirvana - Nevermind
97%
Oasis - (What's the Story) Morning Glory?
91.6%
R.E.M. - Out of Time
91.2%
Green Day - Dookie
83.2%
Guns N' Roses - Use Your Illusion I
82.6%
Weezer - s/t (The Blue Album)
82.4%
Metallica - s/t (The Black Album)
82%
Radiohead - OK Computer
81.9%
Soundgarden - Superunknown
78.3%
Alanis Morissette - Jagged Little Pill
74.8%
Hint Answer % Correct
The Cranberries - No Need to Argue
70.9%
Rage Against the Machine - s/t
67.5%
Foo Fighters - The Colour and the Shape
66.5%
The Smashing Pumpkins - Mellon Collie and the Infinite Sadness
66%
Counting Crows - August and Everything After
65.6%
Red Hot Chili Peppers - Blood Sugar Sex Magik
65.6%
Pearl Jam - Ten
64.2%
Stone Temple Pilots - Core
41%
Bush - Sixteen Stone
38.6%
Soul Asylum - Grave Dancers Union
38.5%

You're not logged in!

Compare scores with friends on all Sporcle quizzes.
OR
Log In
Forgot?

From the Vault

Hidden Names

by kagomeshuko

Just keep staring, the answers will suddenly appear.
Remove Ads.
Support Sporcle.
Get the best of Sporcle when you Go Orange. This ad-free experience offers more features, more stats, and more fun while also helping to support Sporcle. Thank you for becoming a member.

Show Comments

Extras

Top Quizzes Today


Score Distribution

Your Account Isn't Verified!

In order to create a playlist on Sporcle, you need to verify the email address you used during registration. Go to your Sporcle Settings to finish the process.

Report this User

Report this user for behavior that violates our Community Guidelines.

Details: